000 00218 a2200097 4500
001 26431
100 _aFlatto Dr Edwin
245 _aWasning sen may the hazandious
260 _a
_bArco pub Co
_c
090 _c17767
_d17767
942 _aNUST-CAE
_cM
_c8632
999 _c261504
_d261504